00463nam a2200109Ia 4500008004100000020001800041245009000059260002200149650011500171650002200286856004500308171212s9999 xx 000 0 und d a9781922144867 ceditor David Hegarty, ;Darrell Tryon, aPolitics, Development and Security in Oceania bANU E Pressc2013 aDeveloping island countries; Australia -- Foreign relations -- Oceania; France -- Foreign relations -- Oceania aPolitical Science uwww.jstor.org/stable/10.2307/j.ctt2tt18z